000 00813nam a22001937a 4500
999 _c17975
_d17975
008 230228b ||||| |||| 00| 0 eng d
082 _aDPer 370.15 J826 January - February 2020 v112 no. 1-2
100 _aKottmeyer, Alexa M.
_eauthor.
_947949
245 _aThe role of representational system in relational reasoning /
_cAlexa M. Kottmeyer, Peggy N. Van Meter, and Chelsea E. Cameron
260 _aWashington,
_bAmerican Psychological Association,
_cFebruary 2020.
300 _avolume 112, pages 288-307, illustration.
650 _aReasoning.
_947950
650 _aTheory of knowledge.
_947905
650 _aEducation.
_947951
700 _aKottmeyer, Alexa M.
_eauthor.
_947949
700 _aVan Meter, Peggy N.
_eauthor.
_947952
700 _aCameron, Chelsea E.
_eauthor.
_947953
942 _2ddc
_cPER